Marketing Management (Record no. 53576)

000 -LEADER
fixed length control field 00371nam a2200145Ia 4500
008 - FIXED-LENGTH DATA ELEMENTS--GENERAL INFORMATION
fixed length control field 260330s9999 xx 000 0 und d
020 ## - INTERNATIONAL STANDARD BOOK NUMBER
International Standard Book Number 9.7893671382e+012
082 ## - DEWEY DECIMAL CLASSIFICATION NUMBER
Classification number 658.8
Item number KOT/M
100 ## - MAIN ENTRY--PERSONAL NAME
Personal name Kotler, Philip
245 #0 - TITLE STATEMENT
Title Marketing Management
250 ## - EDITION STATEMENT
Edition statement 17th
260 ## - PUBLICATION, DISTRIBUTION, ETC.
Place of publication, distribution, etc. Noida
Name of publisher, distributor, etc. Pearson India Education Services Pvt Ltd
Date of publication, distribution, etc. 2026
300 ## - PHYSICAL DESCRIPTION
Extent 649p.
942 ## - ADDED ENTRY ELEMENTS (KOHA)
Koha item type Book
Holdings
Withdrawn status Lost status Damaged status Not for loan Collection code Permanent Location Current Location Date acquired Cost, normal purchase price Full call number Barcode Date last seen Price effective from Koha item type
        School of Management (Noida) MUIT-NOIDA MUIT-NOIDA 2026-03-30 1180.00 658.8 KOT/M SOM00949 2026-03-30 2026-03-30 Book

All Rights Reserved@MUIT

Powered by Koha